Statystyki dla 15 krajów o największej liczbie zgonów Covid19 - 8 lipca

Kliknij tutaj aby rozwiązać quiz!

Ogólne statystyki

  • Ten quiz został rozwiązany 23 razy
  • Średni wynik to 12 z 19

Statystyki odpowiedzi

kraj% Poprawnych
Rosja
94%
Stany Zjednoczone
94%
Francja
88%
Hiszpania
88%
Niemcy
88%
Włochy
88%
Brazylia
82%
Indie
82%
Wielka Brytania
76%
Kanada
65%
Meksyk
65%
Chile
53%
Szwecja
53%
Belgia
47%
Holandia
41%
Iran
35%
Peru
35%
Ekwador
18%
Irlandia
18%

Rozkład punktacji

Percentyl według liczby udzielonych odpowiedzi

Procent ludzi z każdym wynikiem

Twoja historia wyników

Nie rozwiązałeś tego quizu